Folk-Lore

محفوظ في:

المؤلف الرئيسي: .

التنسيق: كتاب

اللغة: Undetermined

منشور في: Cairo : The Center Of The Folk-Lore The Mininstry Of Culture And National Guidance, 1960.

الوسوم: إضافة وسم

لا توجد وسوم, كن أول من يضع وسما على هذه التسجيلة!

رقم الطلب: (J)GR355 .F8 v.2

LEADER 00344nam a2200121Ia 4500
008 240329s9999||||xx |||||||||||||| ||und||
050 4 |a (J)GR355 .F8 v.2 
100 1 |a . 
245 1 0 |a Folk-Lore 
264 1 |a Cairo :  |b The Center Of The Folk-Lore The Mininstry Of Culture And National Guidance,  |c 1960. 
300 |a 148  |c 24 CM 
942 |2 lcc  |c BK 
999 |c 57648  |d 57648